Wireless digital communications: Modu- (Record no. 207359)

MARC details
000 -LEADER
fixed length control field 00333nam a2200121Ia 4500
008 - FIXED-LENGTH DATA ELEMENTS--GENERAL INFORMATION
fixed length control field 231221s9999 xx 000 0 und d
041 ## - LANGUAGE CODE
Language code of text/sound track or separate title English
082 ## - DEWEY DECIMAL CLASSIFICATION NUMBER
Classification number 621.3811 FEH;3
100 ## - MAIN ENTRY--PERSONAL NAME
Personal name Feher, Kamilo
245 #0 - TITLE STATEMENT
Title Wireless digital communications: Modu-
650 ## - SUBJECT ADDED ENTRY--TOPICAL TERM
Topical term or geographic name entry element Wireless communications Digital communications
942 ## - ADDED ENTRY ELEMENTS (KOHA)
Koha item type Floppies
Holdings
Date last seen Total checkouts Full call number Accession number Price effective from Category Lost status Damaged status Department Withdrawn status Home library Current library Entry date Grants Billdate Currency symbol Conversion rate Discount Old discount
26/01/2024   621.3811 FEH;3 FP143 26/01/2024 Floppies     Central Library   Central Library Central Library   EC 21/06/2010 RS 1   1

© For any Suggestions or Query, please contact the library staff @ librarian@pes.edu or Phone: +9180 2672 1983/ 2108.